| 000 | 00432nam a22001697a 4500 | ||
|---|---|---|---|
| 005 | 20180530112149.0 | ||
| 008 | 160521b xxu||||| |||| 00| 0 eng d | ||
| 020 | _a8125904152 | ||
| 041 | _aeng | ||
| 082 |
_b3935 _a519.5 |
||
| 100 |
_aChandan, Jit S. _9987 |
||
| 245 | _aStatistics for Business and Economics | ||
| 260 |
_aNew Delhi _bVikas Publishing House (P) Ltd. |
||
| 300 | _a624 | ||
| 650 |
_aManagement _9241 |
||
| 942 | _cBK | ||
| 999 |
_c1344 _d1344 |
||